• 首页
  • 本馆介绍
  • 公告通知
  • 最新文献
  • 馆藏检索
  • 电子资源
  • 读者导购
  • 参考咨询
  • 我的图书馆
  • 登录
  • 详细信息显示
  • 放入我的书架
  • 预约/预借图书
  • 作者相关作品
  • 分类相关作品
  • 丛书相关作品
  • 出版社相关作品

书目信息

  • 表格格式
  • 工作单格式
  • 卡片格式
题名:
财务管理全真模拟试题
    
 
作者: 财政部中财传媒 组编 ;全国会计资格考试辅导用书编写组 编
分册:  
出版信息: 北京   经济科学出版社  2019.3
页数: 143页
开本: 26cm
丛书名: 中财传媒版2019年度全国会计专业技术资格考试辅导系列丛书
单 册:
中图分类: F275-44
科图分类:
主题词: 财务管理--cai wu guan li--资格考试--习题集
电子资源:
ISBN: 978-7-5218-0367-9
000 01369oam2 2200265 450
001 2156211951
005 20211011172911.0
010    @a978-7-5218-0367-9@dCNY32.00
100    @a20190315d2019 em y0chiy0110 ea
101 0  @achi
102    @aCN@b110000
105    @ay z 000yy
106    @ar
200 1  @a财务管理全真模拟试题@Acai wu guan li quan zhen mo ni shi ti@f财政部中财传媒,全国会计资格考试辅导用书编写组编
210    @a北京@c经济科学出版社@d2019.3
215    @a143页@d26cm
225 2  @a中财传媒版2019年度全国会计专业技术资格考试辅导系列丛书@Azhong cai chuan mei ban 2019nian du quan guo hui ji zhuan ye ji shu zi ge kao shi fu dao xi lie cong shu
330    @a为了帮助考生准确理解最新全国会计专业技术资格考试大纲和教材的内容,顺利通过考试,中国财经出版传媒集团组织一批具有丰富经验的专家和教授,编写了本套丛书。丛书紧扣最新大纲和教材,设计了大量极具参考价值的习题,帮助考生强化复习,总结知识点。财务管理科目该系列的主要内容包括八套模拟试题。
461  0 @12001 @a中财传媒版2019年度全国会计专业技术资格考试辅导系列丛书
606 0  @a财务管理@Acai wu guan li@x资格考试@j习题集
690    @aF275-44@v5
701  0 @a财政部中财传媒@Acai zheng bu zhong cai chuan mei@4组编
711 02 @a全国会计资格考试辅导用书编写组@Aquan guo hui ji zi ge kao shi fu dao yong shu bian xie zu@4编
801  0 @aCN@b百万庄@c20211005
905    @b1304230-33@dF275-44@e1795@f4
    
    财务管理全真模拟试题/财政部中财传媒,全国会计资格考试辅导用书编写组编.-北京:经济科学出版社,2019.3
    143页;26cm.-(中财传媒版2019年度全国会计专业技术资格考试辅导系列丛书)
    
    
    ISBN 978-7-5218-0367-9:CNY32.00
    为了帮助考生准确理解最新全国会计专业技术资格考试大纲和教材的内容,顺利通过考试,中国财经出版传媒集团组织一批具有丰富经验的专家和教授,编写了本套丛书。丛书紧扣最新大纲和教材,设计了大量极具参考价值的习题,帮助考生强化复习,总结知识点。财务管理科目该系列的主要内容包括八套模拟试题。
●
相关链接 在E读中查询图书 在五车中查询图书 在当当中查询图书 在豆瓣中查询图书


正题名:财务管理全真模拟试题     索取号:F275-44/1795         预约/预借

序号 登录号 条形码 馆藏地/架位号 状态 备注
1 1304230   213042303   第一样本阅览室/ [索取号:F275-44/1795] 在馆    
2 1304231   213042312   第一借阅区/ [索取号:F275-44/1795] 在馆    
3 1304232   213042321   第一借阅区/ [索取号:F275-44/1795] 在馆    
4 1304233   213042330   第一借阅区/ [索取号:F275-44/1795] 在馆    
唐山师范学院图书馆 欢迎您!
大连网信软件有限公司© 版权所有